| 000 | 00820nam a2200217Ia 4500 | ||
|---|---|---|---|
| 001 | 17786 | ||
| 003 | GE_BSU | ||
| 008 | 181216s||||||||xx |||||||||||||| ||und|| | ||
| 040 | _cGE_BSU | ||
| 080 | _a658.5:621.37(075) | ||
| 100 | _aТихомиров,Б.В. | ||
| 245 | _aЭкономика и организация производства в радиоэлектронной промышленности. | ||
| 245 | _cПод ред. Л.Я.Шухгалтера. Ред.И.И.Гинзбург. | ||
| 260 | _aМ. | ||
| 260 | _bСоветское радио. | ||
| 260 | _c1971. | ||
| 300 | _a416 стр. с илл. 20 см. | ||
| 300 | _eТабл. | ||
| 653 | _aЭкономика и организация производства в радиоэлектронной промышленности. | ||
| 942 | _cBK | ||
| 999 |
_c50832 _d50832 |
||